ห้องสมุด วิทยาลัยพยาบาลบรมราชชนนี อุดรธานี Boromarajonani College of Nursing, Udonthani
mysqli: Table './ulib2015/stat_globaluid' is marked as crashed and last (automatic?) repair failed select id from stat_globaluid where statuid='20260417221818_2240' mysqli: Table './ulib2015/stat_globaluid' is marked as crashed and last (automatic?) repair failed DELETE FROM stat_globaluid
WHERE id NOT IN (
SELECT id
FROM (
SELECT id
FROM stat_globaluid
ORDER BY id DESC
LIMIT 100
) foo
); mysqli: Table './ulib2015/stat_globaluid' is marked as crashed and last (automatic?) repair failed insert into stat_globaluid set
statuid='20260417221818_2240',
dt='1776439098',
phpself='/ULIB/dublinfull.php',
agent='Mozilla/5.0 AppleWebKit/537.36 (KHTML, like Gecko; compatible; ClaudeBot/1.0; +claudebot@anthropic.com)',
yea='2026',
mon='4',
dat='17',
ip='216.73.216.55'
LEADER 00566nam 2200193 a 4500
001 9437
003 ULIBM
008 040311s2531 th m a000 0 tha d
024 974-86738-1-2
050 4 ^a H^bอ825ค 2531.
245 ^a ^a1111
250 ^a พิมพ์ครั้งที่ 1.
300 ^a 47 หน้า
650 7 ^a สถิติ:^bสังคมศาสตร์.
710 2 ^a อุทุมพร (ทองอุไทย) จามรมาน.
945 ^p0^l0^i10811
945 ^p0^l0^i10812
945 ^p0^l0^i11246
945 ^p0^l0^i16416
945 ^p0^l0^i16417
945 ^p0^l0^i16762
999 ^aลิขิตลักษณ์
คุณยังไม่ได้ล็อกอิน คุณสามารถมีกิจกรรมร่วมกับเว็บไซต์ได้ แต่ต้องล็อกอินก่อน ::
ลำดับที่
ประเภท
เลขเรียก /บาร์โค้ด
สถานที่
สถานะ
1.
หนังสือภาษาไทย H อ825ค 2531. Barcode: 10811 หนังสือทั่วไป On Shelf
2.
หนังสือภาษาไทย H อ825ค 2531. ฉ.2 Barcode: 10812 หนังสือทั่วไป On Shelf
3.
หนังสือภาษาไทย H อ825ค 2531. ฉ.3 Barcode: 11246 หนังสือทั่วไป On Shelf
4.
หนังสือภาษาไทย H อ825ค 2531. ฉ.4 Barcode: 16416 หนังสือทั่วไป On Shelf
5.
หนังสือภาษาไทย H อ825ค 2531. ฉ.5 Barcode: 16417 หนังสือทั่วไป On Shelf
6.
หนังสือภาษาไทย H อ825ค 2531. ฉ.6 Barcode: 16762 หนังสือทั่วไป On Shelf [แสดง 6/6 รายการ]
mysqli: Can't create/write to file '/var/tmp/#sql_59d_0.MAI' (Errcode: 2) select * from index_db where titl like '%คู่มือการเลือกใช้เทคนิคทางสถิติเพื่อวิเคราะห์ข้อมูลทางสังคมศาสตร์ : / อุทุมพร (ทองอุไทย) จามรมาน.%' and mid<>'9437' order by rand() limit 3 mysqli: Can't create/write to file '/var/tmp/#sql_59d_0.MAI' (Errcode: 2) select * from index_db where subj like '%สถิติ: สังคมศาสตร์.%' and mid<>'9437' order by rand() limit 3
ยังไม่เคยถูกคอมเมนท์
คอมเมนท์ทรัพยากรรายการนี้
JavaScript must be enabled in order for you to use Google Maps.
However, it seems JavaScript is either disabled or not supported by your browser.
To view Google Maps, enable JavaScript by changing your browser options, and then
try again.